Southville International School and Colleges
Your cart is empty.
  • Cart
  • Lists
    Public lists Eva Luna New books Lux_list list_1
    Your lists Log in to create your own lists
  • Log in to your account
  • Your cookies
  • Search history
Southville International School and Colleges
  • Advanced search
  • Recent comments
  • Most popular
  • Libraries

Log in to your account

Log in with GOOGLE


If you do not have an external account, but do have a local account, you can still log in:

  1. Home
  2. MARC view: College English for today 1 :
Normal view MARC view ISBD view

College English for today 1 : (Record no. 291744)

[ view plain ]
MARC details
000 -LEADER
fixed length control field 00701nam a2200253Ia 4500
008 - FIXED-LENGTH DATA ELEMENTS--GENERAL INFORMATION
fixed length control field 160319s9999 xx 000 0 und d
020 ## - INTERNATIONAL STANDARD BOOK NUMBER
International Standard Book Number 978-971-27-2406-0
050 ## - LIBRARY OF CONGRESS CALL NUMBER
Classification number FIL PE 1112
050 ## - LIBRARY OF CONGRESS CALL NUMBER
Item number .H33 2010
100 ## - MAIN ENTRY--PERSONAL NAME
Personal name Habana, Pacita I.
245 ## - TITLE STATEMENT
Title College English for today 1 :
245 ## - TITLE STATEMENT
Remainder of title a new edition /
245 ## - TITLE STATEMENT
Statement of responsibility, etc Pacita I. Habana, Alicia L. Cinco.
260 ## - PUBLICATION, DISTRIBUTION, ETC. (IMPRINT)
Place of publication, distribution, etc Pasig City :
260 ## - PUBLICATION, DISTRIBUTION, ETC. (IMPRINT)
Name of publisher, distributor, etc Anvil Pub.. Inc.,
260 ## - PUBLICATION, DISTRIBUTION, ETC. (IMPRINT)
Date of publication, distribution, etc 2010
300 ## - PHYSICAL DESCRIPTION
Extent 327 pages :
300 ## - PHYSICAL DESCRIPTION
Other physical details illustrations ;
300 ## - PHYSICAL DESCRIPTION
Dimensions 26 cm.
650 ## - SUBJECT ADDED ENTRY--TOPICAL TERM
Topical term or geographic name as entry element English language -- Composition.
650 ## - SUBJECT ADDED ENTRY--TOPICAL TERM
Topical term or geographic name as entry element English language -- Grammar.
650 ## - SUBJECT ADDED ENTRY--TOPICAL TERM
General subdivision English language --
650 ## - SUBJECT ADDED ENTRY--TOPICAL TERM
General subdivision English language -- Usage.
Holdings
Withdrawn status Lost status Damaged status Home library Current library Shelving location Date acquired Cost, normal purchase price Total Checkouts Full call number Barcode Date last seen Price effective from Koha item type
      South Mansfield College South Mansfield College Filipiniana Section 02/14/2011 425.00   FIL PE 1065 .H33 2010 SMC05476 03/19/2016 03/19/2016  

College English for today 1 :

APA

Habana P. I., .College English for today 1. Pasig City: .

Chicago

Habana Pacita I, .College English for today 1. Pasig City: .

Harvard

Habana P. I., .College English for today 1. Pasig City: .

MLA

Habana Pacita I, .Pasig City: . .

  • Place hold
  • Print
  • Cite
  • Add to your cart (remove)
  • Save record
    BIBTEX Dublin Core MARCXML MARC (non-Unicode/MARC-8) MARC (Unicode/UTF-8) MARC (Unicode/UTF-8, Standard) MODS (XML) RIS
  • More searches
    Search for this title in:
    Other Libraries (WorldCat) Other Databases (Google Scholar) Online Stores (Bookfinder.com) Open Library (openlibrary.org)

Exporting to Dublin Core...

SOUTHVILLE LIBRARY

Southville International School and Colleges Library

1281 Tropical Ave. Cor. Luxembourg St., BF Homes International, Las Pinas City

Tel. No. 8256374 / 252358 Loc. 117/146

Powered by Koha